000 00563nam a2200217Ia 4500
005 20241129120317.0
008 241129s9999||||xx |||||||||||||| ||und||
020 _a9789394902879
037 _aTB
040 _aSDCL
_beng
_cSDCL
041 _ahin
_2hin
084 _aO152,6N50x R3
_qSDCL
100 _aSobti Krishna
245 0 _aRachna Ka Garbhgriha
260 _aDelhi
_bDelhi Rajkamal prakashan India
_c2023
300 _a143p
365 _aINR
_b595
650 _aHindi
942 _cTB
_hO152,6N50x R3
999 _c1234275
_d1234275